১৯৭১ স্মৃতিখণ্ড মুজিবনগর/ (Record no. 5805)
[ view plain ]
| 000 -LEADER | |
|---|---|
| fixed length control field | 00648nam a22001937a 4500 |
| 003 - CONTROL NUMBER IDENTIFIER | |
| control field | BUBTL |
| 008 - FIXED-LENGTH DATA ELEMENTS--GENERAL INFORMATION | |
| fixed length control field | 180916b xxu||||| |||| 00| 0 eng d |
| 020 ## - INTERNATIONAL STANDARD BOOK NUMBER | |
| International Standard Book Number | 984-70114-0058-0 |
| 082 ## - DEWEY DECIMAL CLASSIFICATION NUMBER | |
| Classification number | 954.92/ Os53u/ 1992 |
| 100 ## - MAIN ENTRY--PERSONAL NAME | |
| 9 (RLIN) | 2025 |
| Personal name | ওসমান, শওকত |
| 245 ## - TITLE STATEMENT | |
| Title | ১৯৭১ স্মৃতিখণ্ড মুজিবনগর/ |
| Statement of responsibility, etc. | শওকত ওসমান |
| 250 ## - EDITION STATEMENT | |
| Edition statement | 1st ed. |
| 260 ## - PUBLICATION, DISTRIBUTION, ETC. (IMPRINT) | |
| Place of publication, distribution, etc. | ঢাকা : |
| Name of publisher, distributor, etc. | সময় প্রকাশন, |
| Date of publication, distribution, etc. | c2009 |
| 300 ## - PHYSICAL DESCRIPTION | |
| Extent | 183 p. : |
| 650 #0 - SUBJECT ADDED ENTRY--TOPICAL TERM | |
| 9 (RLIN) | 1755 |
| Topical term or geographic name as entry element | মুক্তিযুদ্ধ |
| 856 ## - ELECTRONIC LOCATION AND ACCESS | |
| Password | 0 |
| Logon | 0 |
| Link text | Download |
| 942 ## - ADDED ENTRY ELEMENTS (KOHA) | |
| Source of classification or shelving scheme | |
| Koha item type | Books |
| Withdrawn status | Lost status | Source of classification or shelving scheme | Damaged status | Not for loan | Collection code | Permanent location | Current location | Shelving location | Date acquired | Source of acquisition | Inventory number | Total Checkouts | Full call number | Barcode | Date last seen | Copy number | Price effective from | Koha item type |
|---|---|---|---|---|---|---|---|---|---|---|---|---|---|---|---|---|---|---|
| Historical Books | Bangladesh University of Business and Technology Library | Bangladesh University of Business and Technology Library | Historical Books | 10/29/2016 | Purchase | 22831 | 954.92/ Os53u/ 1992 | BUBTL-200322831 | 09/16/2018 | C-1 | 09/16/2018 | Books | ||||||
| Historical Books | Bangladesh University of Business and Technology Library | Bangladesh University of Business and Technology Library | Historical Books | 02/12/2015 | Purchase | 20178 | 954.92/ Os53u/ 1992 | BUBTL-200320178 | 09/16/2018 | C-2 | 09/16/2018 | Books | ||||||
| Historical Books | Bangladesh University of Business and Technology Library | Bangladesh University of Business and Technology Library | Historical Books | 10/29/2016 | Purchase | 22832 | 954.92/ Os53u/ 1992 | BUBTL-200322832 | 12/06/2022 | C-3 | 12/06/2022 | Books |
